000 00327nam a22001337a 4500
008 171031b xxu||||| |||| 00| 0 eng d
020 _a9780205561209
041 _aeng
080 _26TH
_a33
100 _a58
101 _aBUS
245 _aSTRATEGIC COMMUNICATION IN BUSINESS AND THE PROFESSIONS
_cO'HAIR,D
942 _2udc
_cBK
999 _c36711
_d36711